Cinqüenta anos de história do Tribunal de Contas do Estado de Mato Grosso : (Record no. 6)
[ view plain ]
| 000 -LÍDER | |
|---|---|
| Campo Fixo de Controle | 01148cam a2200277 a 4500 |
| 001 - NÚMERO DE CONTROLE | |
| Campo de Controle | 6 |
| 003 - IDENTIFICAÇÃO DO NÚMERO DE CONTROLE | |
| Campo de Controle | BR-CuiBMT |
| 005 - DATA E HORA DA ÚLTIMA ATUALIZAÇÃO | |
| Campo de Controle | 20231129125149.0 |
| 008 - DADOS FIXOS | |
| Dados Fixos | 230711s2004 mtba 000 0 por d |
| 020 ## - INTERNATIONAL STANDARD BOOK NUMBER | |
| Nº do ISBN | 859858701X |
| 040 ## - AGÊNCIA CATALOGADORA | |
| Código da Agência Catalogadora | BR-CuiBMT |
| Agência que transcreveu o registro | BR-CuiBMT |
| 080 ## - Nº DA CLASSIFICAÇÃO DECIMAL UNIVERSAL | |
| Nº edição CDU | 2007 |
| Nº Class. CDU | 351.94:336.148 |
| Subd. Auxiliar Comum | (817.2) |
| -- | (091) |
| 090 ## - NÚMERO DE CHAMADA | |
| Nº classificação | 351.94:336.148(817.2)(091) |
| Cutter | P426c |
| 100 1# - ENTRADA PRINCIPAL -- AUTOR PESSOAL | |
| Nome pessoal | Peraro, Maria Adenir |
| 245 10 - TÍTULO PRINCIPAL | |
| Título principal | Cinqüenta anos de história do Tribunal de Contas do Estado de Mato Grosso : |
| Subtítulo | 1953 - 2003 / |
| Indicação de responsabilidade | Maria Adenir Peraro, Neila Maria Souza Barreto, Maria Aparecida Borges Barros Rocha. |
| 246 12 - FORMAS VARIANTES DO TÍTULO | |
| Título principal | 50 anos de história do Tribunal de Contas do Estado de Mato Grosso : |
| Subtítulo | 1953 - 2003 |
| 260 ## - PUBLICAÇÃO, DISTRIBUIÇÃO, ETC. | |
| Local de publicação | Cuiabá : |
| Editora | TCE-MT, |
| Data | 2004. |
| 300 ## - DESCRIÇÃO FÍSICA | |
| N. páginas ou volumes | 280 p. : |
| Ilustrações | il. ; |
| Dimensões | 29 cm |
| 504 ## - NOTA DE BIBLIOGRAFIA, ETC. | |
| Nota de bibliografia | Inclui bibliografia. |
| 650 ## - ASSUNTO TÓPICO | |
| Cabeçalho tópico ou nome geográfico | Tribunal de Contas |
| Subdivisão geográfica | Mato Grosso |
| Subdivisão geral | História |
| 650 ## - ASSUNTO TÓPICO | |
| Cabeçalho tópico ou nome geográfico | Tribunal de Contas |
| Subdivisão geográfica | Mato Grosso |
| 700 1# - ENTRADA SECUNDÁRIA -- NOME PESSOAL | |
| Nome pessoal | Barreto, Neila Maria Souza |
| 700 1# - ENTRADA SECUNDÁRIA -- NOME PESSOAL | |
| Nome pessoal | Rocha, Maria Aparecida Borges Barros |
| 856 4# - LOCALIZAÇÃO E ACESSO ELETRÔNICO | |
| Endereço eletrônico (URI) | <a href="https://www.tce.mt.gov.br/conteudo/download/50-anos-de-historia-do-tce-mtpdf/29942">https://www.tce.mt.gov.br/conteudo/download/50-anos-de-historia-do-tce-mtpdf/29942</a> |
| Texto do link | Disponível também online. |
| Localização e acesso eletrônico | 27/09/2023 |
| 942 ## - ELEMENTOS DE ENTRADA ADICIONAIS (KOHA) | |
| Fonte de classificação ou esquema de arquivamento | Classificação Decimal Universal |
| Tipo de item do Koha | Livros |
| Estado: removido | Estado: perdido | Fonte de classificação ou esquema de arquivamento | Estado: danificado | Indisponível para empréstimo | Localização permanente | Localização atual | Data de aquisição | Fonte de aquisição | Total Checkouts | Número de Chamada completo | Código de barras | Date last seen | Número do exemplar | Preço efetivo a partir de | Tipo de item (Koha) |
|---|---|---|---|---|---|---|---|---|---|---|---|---|---|---|---|
| Classificação Decimal Universal | Biblioteca da Escola Superior de Contas do TCE/MT | Biblioteca da Escola Superior de Contas do TCE/MT | 10/07/2023 | Doação | 351.94:336.148(817.2)(091) P426c | BIBTCEMT23070006 | 11/07/2023 | Ex. 1 | 11/07/2023 | Livros | |||||
| Classificação Decimal Universal | Biblioteca da Escola Superior de Contas do TCE/MT | Biblioteca da Escola Superior de Contas do TCE/MT | 27/09/2023 | Doação | 351.94:336.148(817.2)(091) P426c | BIBTCEMT23090086 | 27/09/2023 | Ex. 2 | 27/09/2023 | Livros | |||||
| Classificação Decimal Universal | Biblioteca da Escola Superior de Contas do TCE/MT | Biblioteca da Escola Superior de Contas do TCE/MT | 27/09/2023 | Doação | 351.94:336.148(817.2)(091) P426c | BIBTCEMT23090087 | 27/09/2023 | Ex. 3 | 27/09/2023 | Livros | |||||
| Classificação Decimal Universal | Biblioteca da Escola Superior de Contas do TCE/MT | Biblioteca da Escola Superior de Contas do TCE/MT | 17/11/2023 | 351.94:336.148(817.2)(091) P426c | BIBTCEMT23110721 | 17/11/2023 | Ex. 4 | 17/11/2023 | Livros | ||||||
| Classificação Decimal Universal | Biblioteca da Escola Superior de Contas do TCE/MT | Biblioteca da Escola Superior de Contas do TCE/MT | 17/11/2023 | 351.94:336.148(817.2)(091) P426c | BIBTCEMT23110722 | 17/11/2023 | Ex. 5 | 17/11/2023 | Livros |